000
00298nam a22001337a 4500
008
181122b xxu||||| |||| 00| 0 eng d
020
_a
9780321089366
041
_a
eng
080
_a
370
100
_a
49
101
_a
edu
245
_a
Undestanding Engliah Grammar
_c
Kollin.M
942
_2
udc
_c
BK
999
_c
52379
_d
52379